Технология выращивания и откорма молодняка крупного рогатого скота (Запись № 1306534)

Подробности
000 -МАРКЕР
контрольное поле 02254nam0a2200301 4500
001 - ИДЕНТИФИКАТОР ЗАПИСИ
контрольное поле RU\NLR\bibl\1135538
005 - ИДЕНТИФИКАТОР ВЕРСИИ
контрольное поле 20250615072501.0
021 ## - НОМЕР ГОСУДАРСТВЕННОЙ РЕГИСТРАЦИИ
Код страны Российская Федерация
Номер 2007-57987
Номер Листа государственной регистраци 3082
035 ## - ДРУГИЕ СИСТЕМНЫЕ НОМЕРА
Идентификатор записи (NLR Aleph) 001122423
100 ## - ДАННЫЕ ОБЩЕЙ ОБРАБОТКИ
Данные общей обработки 20071004d2007 |||y0rusy50 ca
101 0# - ЯЗЫК РЕСУРСА
Язык текста, звукозаписи и т.д. русский
102 ## - СТРАНА ПУБЛИКАЦИИ ИЛИ ПРОИЗВОДСТВА
Страна публикации Российская Федерация
105 ## - ПОЛЕ КОДИРОВАННЫХ ДАННЫХ: ТЕКСТОВЫЕ МАТЕРИАЛЫ, МОНОГРАФИЧЕСКИЕ
Кодированные данные о монографическом текстовом документе a |||||||||
200 1# - ЗАГЛАВИЕ И СВЕДЕНИЯ ОБ ОТВЕТСТВЕННОСТИ
Основное заглавие Технология выращивания и откорма молодняка крупного рогатого скота
Сведения, относящиеся к заглавию учебное пособие для студентов специальностей "Зоотехния", "Ветеринария", "Агрономия", "Технология производства и переработки сельскохозяйственной продукции" и слушателей системы аграрного дополнительного образования
Первые сведения об ответственности М-во сел. хоз-ва Рос. Федерации, Федер. агентство по образованию, ГОУ ВПО "Морд. гос. ун-т им. Н.Н. Огарева", ФГОУ "Рос. инженер. акад. менеджмента и агробизнеса"
Последующие сведения об ответственности [В.А. Кокорев и др.]
210 ## - ПУБЛИКАЦИЯ, РАСПРОСТРАНЕНИЕ И ДР.
Место издания, распространения и т.д. Москва
Имя издателя, распространителя и т. д. Изд-во Московского государственного университета леса
Дата издания, распространения и т.д. 2007
215 ## - ФИЗИЧЕСКАЯ ХАРАКТЕРИСТИКА
Специфическое обозначение материала и объем 209 с.
Другие сведения о физической характеристике ил.
Размеры 21
320 ## - ПРИМЕЧАНИЯ О НАЛИЧИИ В ДОКУМЕНТЕ БИБЛИОГРАФИИ / УКАЗАТЕЛЯ
Текст примечания Библиогр.: с. 197 (13 назв.)
606 1# - НАИМЕНОВАНИЕ ТЕМЫ КАК ПРЕДМЕТ
Наименование темы Крупный рогатый скот
Формальный подзаголовок Учебные издания для высших учебных заведений
Тематический подзаголовок Молодняк
-- Выращивание
Системный номер авторитетной/нормативной записи 1214596
Идентификатор авторитетной/нормативной записи RU\NLR\auth\66175101
606 1# - НАИМЕНОВАНИЕ ТЕМЫ КАК ПРЕДМЕТ
Наименование темы Крупный рогатый скот
Формальный подзаголовок Учебные издания для высших учебных заведений
Тематический подзаголовок Молодняк
-- Откорм
Системный номер авторитетной/нормативной записи 1465255
Идентификатор авторитетной/нормативной записи RU\NLR\auth\66621993
686 ## - ИНДЕКСЫ ДРУГИХ КЛАССИФИКАЦИЙ
Индекс П60-44я73
702 #1 - ИМЯ ЛИЦА - ВТОРИЧНАЯ ОТВЕТСТВЕННОСТЬ
Начальный элемент ввода Кокорев
Часть имени, кроме начального элемента ввода В. А.
Расширение инициалов личного имени Виктор Александрович
Код отношения Составитель
712 02 - НАИМЕНОВАНИЕ ОРГАНИЗАЦИИ - ВТОРИЧНАЯ ОТВЕТСТВЕННОСТЬ
Код отношения Прочие
Начальный элемент ввода Мордовский государственный университет им. Н. П. Огарева
Идентифицирующий признак Саранск
Системный номер авторитетной/нормативной записи 357326
Идентификатор авторитетной/нормативной записи RU\NLR\AUTH\889930926
801 #0 - ИСТОЧНИК ЗАПИСИ
Страна Российская Федерация
Организация NLR
Дата составления 20071004
Правила каталогизации RCR
801 #1 - ИСТОЧНИК ЗАПИСИ
Страна Российская Федерация
Организация NLR
Дата составления 20071004
942 ## - ДОПОЛНИТЕЛЬНЫЕ ЭЛЕМЕНТЫ ЗАПИСИ (АБИС)
Тип экземпляра АБИС Книга
980 ## - КОЛЛЕКЦИЯ
Название коллекции Национальная библиография
Экземпляры
Тип экземпляра Дата поступления Источник поступления Библиотека постоянного хранения Библиотека текущего хранения Место хранения Шифр хранения Штрих-код Статус экземпляра
Книга 04.10.2007 Обязательный экземпляр РНБ (Московский) РНБ (Московский) Русский книжный фонд: издания с 1957 года 2007-3/27279 2518390